| 000 | 00476nam a2200157 a 4500 | ||
|---|---|---|---|
| 001 | 000037016 | ||
| 005 | 20200930080102.0 | ||
| 008 | 120208s1969 sp ac 000 0 spa d | ||
| 040 |
_aDO-SdBNP _bspa _cBNPHU |
||
| 082 |
_axxxx _bJ76m, 1969 |
||
| 100 | 1 |
_aJonch, Antonio _963419 |
|
| 245 | 1 | 3 |
_aEl mundo viviente. / _cAntonio Jonch ; prólogo de Salvador Llobert. |
| 250 | _a3a ed. | ||
| 260 |
_aBarcelona : _bEdiciones Danae, _c1969. |
||
| 300 |
_a579 p. : _bils., retrs. ; _c25 cm. |
||
| 999 |
_c36506 _d36506 |
||